Poster Portions (2010) Quiz Stats

 Plays Quiz Updated Mar 2, 2019

Score 0/40 Timer 08:00
20 Plays Today
% Correct
Toy Story 3
92.8%
Black Swan
89.9%
Alice in Wonderland
89.5%
Tangled
89.1%
Harry Potter and the
Deathly Hallows: Part 1
88.1%
Iron Man 2
86.3%
Despicable Me
83.3%
How to Train Your Dragon
80.7%
Easy A
79.8%
Megamind
77.5%
The Social Network
76.8%
127 Hours
66.5%
Inception
64.1%
The Karate Kid
59.6%
Gulliver's Travels
56.6%
The King's Speech
56.1%
Date Night
55%
True Grit
52.3%
The Fighter
51.4%
The A-Team
48.6%
% Correct
RED
43.3%
Due Date
36.4%
Burlesque
34.3%
Winter's Bone
33.7%
Shutter Island
32%
TRON: Legacy
30.7%
The Town
30.1%
The Book of Eli
28.3%
The Kids Are All Right
24.7%
Hot Tub Time Machine
22.2%
The Switch
18%
Buried
17.9%
Biutiful
9.2%
Unstoppable
8.7%
The Secret World of Arrietty
7.8%
The Ghost Writer
6.1%
Rabbit Hole
5.9%
Edge of Darkness
5.7%
Animal Kingdom
3.8%
Knight and Day
3.4%

You're not logged in!

Compare scores with friends on all Sporcle quizzes.
OR
Log In

Show Comments

Extras

Top Quizzes Today


Score Distribution

Your Account Isn't Verified!

In order to create a playlist on Sporcle, you need to verify the email address you used during registration. Go to your Sporcle Settings to finish the process.

Report this User

Report this user for behavior that violates our Community Guidelines.

Details: